Statistics for Countries with Same-Sex/Gay Marriage

Click here to take the quiz!

General Stats

  • This quiz has been taken 29,499 times
    (13,467 since last reset)
  • The average score is 21 of 27

Answer Stats

Year Country % Correct
2015United States
98%
2020United Kingdom
95%
2005Canada
95%
2013France
94%
2005Spain
94%
2017Germany
94%
2009Sweden
93%
2009Norway
92%
2017Finland
90%
2001Netherlands
89%
2017Australia
88%
2010Portugal
88%
2012Denmark
87%
2003Belgium
87%
2013New Zealand
83%
2015Ireland
83%
2019Austria
80%
2013Brazil
76%
2015Luxembourg
73%
2010Iceland
73%
2010Argentina
70%
2006South Africa
53%
2016Colombia
49%
2013Uruguay
44%
2019Taiwan
41%
2017Malta
38%
2019Ecuador
32%

Score Distribution

Percentile by Number Answered

Percent of People with Each Score

Your Score History

You have not taken this quiz since the last reset